• 首页
  • 本馆介绍
  • 公告通知
  • 最新文献
  • 馆藏检索
  • 电子资源
  • 读者导购
  • 参考咨询
  • 我的图书馆
  • 登录
  • 详细信息显示
  • 放入我的书架
  • 预约/预借图书
  • 作者相关作品
  • 分类相关作品
  • 丛书相关作品
  • 出版社相关作品

书目信息

  • 表格格式
  • 工作单格式
  • 卡片格式
书名: Reader's digest family word finder
作者:
分册号:
分册名:
出版地: New York :
 
出版社: Reader's Digest Association
出版时间: 1975.
页数: 896 p. :
开本: 20020930
丛书名:
中图分类号:
科图分类号:
其他分类号: H313-61
主题词:
电子资源:
000 00536nam 2200205 a 4500
001 E0751341726
005 20070302163017.45
008 uu
008 001 0 eng
008 1975
020    @cCNY6.80.
040    @aNLC
049    @aN5LA
090    @aH313-61
096    @aH316 @v2
099    @dH313-61@ex63
245 00 @aReader's digest family word finder.
260    @aNew York :@bReader's Digest Association,@c1975.
300    @a896 p. :@b00 ;@c20020930@lNLC09@h2246@lNLC09@h2259@lNLC09@h1850
852 9  @bGJSS @k2G @hH316 @iRDFW
    
    Reader's digest family word finder.-New York : : Reader's Digest Association, , 1975.
    896 p. : : 00 ; ; 20020930
    
    
    ISBN CNY6.80.
    
●
相关链接 在E读中查询图书 在五车中查询图书 在当当中查询图书 在豆瓣中查询图书


正题名:Reader's digest family word finder     索取号:H313-61/x63         预约/预借

序号 登录号 条形码 馆藏地/架位号 状态 备注
1 58970   001301718   第四借阅区/ [索取号:H313-61/x63] 在馆    
2 58971   001301736   第四借阅区/ [索取号:H313-61/x63] 在馆    
3 58973   001301754   第二样本阅览室/ [索取号:H313-61/x63] 在馆    
唐山师范学院图书馆 欢迎您!
大连网信软件有限公司© 版权所有